[Event "40th Olympiad Women"]
[Site "Istanbul TUR"]
[Date "2012.09.07"]
[Round "10.3"]
[White "Lahno, Kateri"]
[Black "Socko, M."]
[Result "1/2-1/2"]
[WhiteElo "2542"]
[BlackElo "2467"]
[PlyCount "116"]
[EventDate "2012.08.28"]
[SourceDate "2011.10.08"]
[WhiteTeam "Ukraine"]
[BlackTeam "Poland"]
[WhiteTeamCountry "UKR"]
[BlackTeamCountry "POL"]

1. d4 Nf6 2. c4 g6 3. Nc3 Bg7 4. e4 d6 5. Nf3 O-O 6. Be2 e5 7. O-O Nc6 8. d5
Ne7 9. Ne1 Nd7 10. Nd3 f5 11. f3 Kh8 12. Bd2 f4 13. Rc1 c5 14. Rb1 h5 15. Nb5
Rf6 16. b4 a6 17. Nxd6 Rxd6 18. bxc5 Rf6 19. Bc3 Rf8 20. Qa4 g5 21. c6 bxc6 22.
d6 Ng6 23. Qxc6 Rb8 24. c5 Rxb1 25. Rxb1 g4 26. Qc7 Qxc7 27. dxc7 gxf3 28. Bxf3
Ne7 29. Bxh5 Nc6 30. Nb4 Nd4 31. Nd5 Nb5 32. Ba5 Nf6 33. Bg6 Nxd5 34. exd5 e4
35. Bxe4 Bd4+ 36. Kf1 Bxc5 37. Rc1 Bd4 38. Bb4 Rf6 39. Bf3 Kg7 40. Be7 Rh6 41.
h3 Be5 42. Re1 Bxc7 43. a4 Ba5 44. Rc1 Na7 45. Bc5 Rb6 46. Bxb6 Bxb6 47. Bg4
Bxg4 48. hxg4 Kf6 49. Re1 Be3 50. g3 Kg5 51. gxf4+ Bxf4 52. Re6 a5 53. Ra6 Nc8
54. Rxa5 Kxg4 55. Rc5 Na7 56. a5 Kf5 57. Ke2 Bd6 58. Rc6 Nxc6 1/2-1/2

[Event "Vladivostok Russian Cup 2012"]
[Site "Vladivostok RUS"]
[Date "2012.09.18"]
[Round "2.1"]
[White "Belous, V."]
[Black "Inarkiev, E."]
[Result "1-0"]
[WhiteElo "2551"]
[BlackElo "2683"]
[PlyCount "101"]
[EventDate "2012.09.17"]
[SourceDate "2011.10.08"]

1. d4 Nf6 2. c4 g6 3. Nc3 Bg7 4. e4 d6 5. Nf3 O-O 6. h3 e5 7. d5 Nh5 8. Nh2 a5
9. g3 Na6 10. Be2 Nf6 11. Ng4 Nd7 12. Nh6+ Kh8 13. h4 Ndc5 14. Be3 f5 15. h5
Qf6 16. Nxf5 gxf5 17. h6 fxe4 18. hxg7+ Kxg7 19. Rh6 Qf7 20. Kd2 Bf5 21. Qh1
Kh8 22. Qh4 Bg6 23. Rh1 Qg7 24. Rh2 Rf5 25. Bg4 Raf8 26. Bxf5 Rxf5 27. Qd8+ Rf8
28. Qg5 Rf6 29. R2h4 Kg8 30. Rg4 Qf7 31. Ke2 Rf5 32. Qd8+ Qf8 33. Qh4 Qg7 34.
a3 Rf7 35. Kf1 a4 36. Kg1 Rf3 37. Rgxg6 hxg6 38. Nxe4 Nxe4 39. Qxe4 Rf6 40. Rh4
Rf7 41. Qg4 Rf5 42. Rh6 Kf7 43. Rh4 Kg8 44. Qd1 Qd7 45. Rh6 Kg7 46. Kg2 Qe8 47.
g4 Rf8 48. Qh1 Rh8 49. Bg5 Qd7 50. Bf6+ Kxf6 51. Qh4+ 1-0

[Event "SUI-chT Réti-Wollishofen"]
[Site "?"]
[Date "2012.09.23"]
[Round "7.7"]
[White "Gantner, Matthias"]
[Black "Maeser, Fabian"]
[Result "0-1"]
[WhiteElo "2323"]
[BlackElo "2289"]
[PlyCount "82"]
[EventDate "2012.??.??"]
[SourceDate "2011.10.08"]

1. d4 Nf6 2. c4 g6 3. g3 Bg7 4. Bg2 O-O 5. Nc3 d6 6. Nf3 Nbd7 7. O-O e5 8. b3
Re8 9. d5 Nc5 10. Bb2 a5 11. Ne1 e4 12. Nc2 h5 13. h3 h4 14. g4 Nxg4 15. hxg4
h3 16. Bxh3 Qh4 17. Bg2 Be5 18. f4 exf3 19. Rxf3 Bxg4 20. Ne1 a4 21. Rb1 axb3
22. axb3 Nxb3 23. Na4 Rxa4 24. Bxe5 Rxe5 25. Rbxb3 Ra2 26. Rbe3 Bxf3 27. Nxf3
Qf4 28. Rxe5 dxe5 29. c5 Qe3+ 30. Kf1 Qxc5 31. Qb1 Qa7 32. Ne1 Ra1 33. Qe4 Qa5
34. Qh4 Qc3 35. d6 cxd6 36. Bd5 b5 37. Qf2 Qh3+ 38. Kg1 Qf5 39. Qxf5 gxf5 40.
Kf2 Kg7 41. Nd3 f4 0-1